| 000 | 00749nas a2200253 4500 | ||
|---|---|---|---|
| 001 | BR0810548 | ||
| 003 | BR-BrBNA | ||
| 005 | 20231205112940.0 | ||
| 007 | ta | ||
| 008 | 230509b bl.|||p| |||| 00| 00por d | ||
| 040 |
_aBR-BrBNA _bpor _cBiblioteca Nacional de Agricultura |
||
| 041 | _a(Pt) | ||
| 072 | _aU30; P10 | ||
| 100 | 1 | _aCastro, N. | |
| 100 | 1 | _aGoldenfum, J.A. | |
| 100 | 1 | _aClarkie, R.T. | |
| 245 | 1 | _aCalibração de sondas TDR em um Latossolo | |
| 650 | _aLATOSSOLO | ||
| 650 | _aCALIBRAÇÃO | ||
| 650 | _aMÉTODO DE PESQUISA | ||
| 773 | 0 |
_tRevista Brasileira de Recursos Hídricos (Brazil) _xISSN 1414-381X _g(Apr-Jun 2007), v. 12(2) p. 19-25 _wBR0810548 |
|
| 909 |
_a202311 _bLúcia _c55 _dLúcia Elande |
||
| 942 |
_2AGRIS _n0 _cANA |
||
| 999 |
_c200973 _d200973 |
||